Los escritos de Carlos Fuentes

Spremljeno u:
Bibliografski detalji
Glavni autor: Williams, Raymond Leslie (Autor)
Format: Knjiga
Jezik:španjolski
Izdano: Ciudad de México Fondo de Cultura Económica 1998
Serija:Colección Lengua y Estudios Literarios
Teme:
Oznake: Dodaj oznaku
Bez oznaka, Budi prvi tko označuje ovaj zapis!

MARC

LEADER 00000nam a2200000 a 4500
001 UCP4194
003 CL-VaPUC
008 990724e19980000MX |||||||||||||||||spa|d
082 0 4 |a Me863.09  |b WIL  |2 21 
100 0 |a Williams, Raymond Leslie  |e author  |9 431664 
245 1 4 |a Los escritos de Carlos Fuentes 
300 |a 230 p 
942 |c BK 
945 |d 19990724 00:00:00  |a vberengu 
260 |a Ciudad de México  |b Fondo de Cultura Económica  |c 1998 
600 0 7 |a FUENTES, CARLOS  |2 CL-VaPUC  |9 376869 
650 0 |a Literatura mexicana  |9 313097 
650 7 |a NOVELA MEXICANA  |2 CL-VaPUC  |9 345426 
650 0 |a Crítica e interpretación   |9 255042 
650 0 |a Crítica literaria   |9 269189 
583 |a last modification  |c 19990724 00:00:00  |k Rodrigo Vera 
490 0 |a Colección Lengua y Estudios Literarios 
999 |c 282245  |d 282243 
952 |0 0  |1 0  |4 0  |6 ME_863_090000000000000_WIL_1998  |7 0  |8 A  |9 323802  |a BIBEDU  |b BIBEDU  |d 2019-11-20  |i 3540014  |o Me863.09 WIL 1998  |p 3540014  |r 2019-11-20  |w 2019-11-20  |y BK  |k LIT